Представление документа в формате MARC21

Поле Инд. ПП Название Значение
Тип записи a
Библиографический уровень m
001 Контрольный номер 3f6e79ae-3a5c-44a7-9aac-f3c9d68b0150
005 Дата корректировки 20131111140740.2
008 Кодируемые данные 000720 d
020 a ISBN 5-85009-245-5
c Цена, тираж 16.00
040 a Служба первич. каталог. НБ ТвГУ
041 a Код языка текста rus
080 a Индекс УДК 613.99
a Индекс УДК 613.89
084 a Индекс другой классификации/Индекс ББК Р714
a Индекс другой классификации/Индекс ББК Р702
090 x Авторский знак К12
a Полочн. индекс Р714
100 1_ a Автор Каган Виктор Ефимович
245 00 a Заглавие Подготовка девушки к супружеству
c Ответственность В. Е. Каган
260 0_ a Место издания Москва
b Издательство Сов. спорт
c Дата издания 1992
300 a Объем 79,[2] c.
650 a Основная рубрика Женщины
x Основная подрубрика Здоровье
650 a Основная рубрика Гигиена женщины
653 a Ключевые слова Гигиена женщины
a Ключевые слова Гигиена брака
a Ключевые слова Брак
a Ключевые слова Женщины
852 t Порядковый номер экземпляра 1
p Инвентарный номер 638955
954 a Дата поступления на обработку 23.06.93
a Дата поступления на обработку 23.06.93
999 a Подразделение 2 Фил3